Statistics for Can You Name A Country Starting with Each Letter in One Minute

Click here to take the quiz!

General Stats

  • This quiz has been taken 163 times
  • The average score is 22 of 24

Answer Stats

LetterAnswer% Correct
AAfghanistan|Albania|Algeria|Andorra|Angola|Antigua and Barbuda|Argentina|Armenia|Australia|Austria|Azerbaijan
99%
CCambodia|Cameroon|Canada|Cape Verde|Central African Republic|Chad|Chile|China|Colombia|Comoros|Costa Rica|Croatia|Cuba|Cyprus|Czech Republic
99%
DDemocratic Republic of the Congo|Denmark|Djibouti|Dominica|Dominican Republic
99%
FFederated States of Micronesia|Fiji|Finland|France
99%
IIceland|India|Indonesia|Iran|Iraq|Ireland|Israel|Italy|Ivory Coast
99%
BBahamas|Bahrain|Bangladesh|Barbados|Belarus|Belgium|Belize|Benin|Bhutan|Bolivia|Bosnia and Herzegovina|Botswana|Brazil|Brunei|Bulgaria|Burkina Faso|Burundi
98%
EEast Timor|Ecuador|Egypt|El Salvador|Equatorial Guinea|Eritrea|Estonia|Eswatini|Ethiopia
97%
GGabon|Gambia|Georgia|Germany|Ghana|Greece|Grenada|Guatemala|Guinea|Guinea-Bissau|Guyana
97%
JJamaica|Japan|Jordan
97%
HHaiti|Honduras|Hungary
94%
MMadagascar|Malawi|Malaysia|Maldives|Mali|Malta|Marshall Islands|Mauritania|Mauritius|Mexico|Moldova|Monaco|Mongolia|Montenegro|Morocco|Mozambique|Myanmar
91%
NNamibia|Nauru|Nepal|Netherlands|New Zealand|Nicaragua|Niger|Nigeria|North Korea|North Macedonia|Norway
89%
KKazakhstan|Kenya|Kiribati|Kuwait|Kyrgyzstan
88%
LLaos|Latvia|Lebanon|Lesotho|Liberia|Libya|Liechtenstein|Lithuania|Luxembourg
88%
OOman
88%
PPakistan|Palau|Panama|Papua New Guinea|Paraguay|Peru|Philippines|Poland|Portugal
88%
QQatar
86%
RRomania|Russia|Rwanda
84%
SSaint Kitts and Nevis|Saint Lucia|Saint Vincent and the Grenadines|Samoa|San Marino|Sao Tome and Principe|Saudi Arabia|Senegal|Serbia|Seychelles|Sierra Leone|Singapore|Slovakia|Slovenia|Solomon Islands|Somalia|South Africa|South Korea|South Sudan|Spain|Sri Lanka|Sudan|Surinam|Sweden|Switzerland|Syria
84%
TTaiwan|Tajikistan|Tanzania|Thailand|Togo|Tonga|Trinidad and Tobago|Tunisia|Turkey|Turkmenistan|Tuvalu
84%
UUganda|Ukraine|United Arab Emirates|United Kingdom|United States|Uruguay|Uzbekistan
83%
YYemen
79%
VVanuatu|Vatican City|Venezuela|Vietnam
78%
ZZambia|Zimbabwe
78%

Score Distribution

Percentile by Number Answered

Percent of People with Each Score

Your Score History

You have not taken this quiz